Generation 9 Pokémon (Hard edition) - Statistics

General Stats
  • This quiz has been taken 218 times
    129 since last reset
  • The average score is 98 of 120
Answer Stats
No. Pokémon % Correct
#908 Meowscarada
100%
#909 Fuecoco
98%
#912 Quaxly
98%
#911 Skeledirge
98%
#906 Sprigatito
98%
#907 Floragato
96%
#1007 Koraidon
96%
#1008 Miraidon
96%
#914 Quaquaval
96%
#913 Quaxwell
96%
#910 Crocalor
92%
#977 Dondozo
92%
#992 Iron Hands
92%
#915 Lechonk
92%
#1005 Roaring Moon
92%
#985 Scream Tail
92%
#978 Tatsugiri
92%
#1002 Chien-Pao
90%
#987 Flutter Mane
90%
#984 Great Tusk
90%
#991 Iron Bundle
90%
#921 Pawmi
90%
#922 Pawmo
90%
#923 Pawmot
90%
#993 Iron Jugulis
88%
#990 Iron Treads
88%
#1006 Iron Valiant
88%
#941 Kilowattrel
88%
#916 Oinkologne
88%
#1003 Ting-Lu
88%
#1001 Wo-Chien
88%
#998 Baxcalibur
86%
#1004 Chi-Yu
86%
#994 Iron Moth
86%
#995 Iron Thorns
86%
#920 Lokix
86%
#918 Spidops
86%
#940 Wattrel
86%
#961 Wugtrio
86%
#997 Arctibax
84%
#986 Brute Bonnet
84%
#955 Flittle
84%
#996 Frigibax
84%
#1015 Munkidori
84%
#1014 Okidogi
84%
#966 Revavroom
84%
#988 Slither Wing
84%
#965 Varoom
84%
#960 Wiglett
84%
#979 Annihilape
82%
#930 Arboliva
82%
#936 Armarouge
82%
#937 Ceruledge
82%
#956 Espathra
82%
#981 Farigiraf
82%
#1016 Fezandipiti
82%
#1000 Gholdengo
82%
#919 Nymble
82%
#1025 Pecharunt
82%
#1021 Raging Bolt
82%
#1024 Terapagos
82%
#948 Toedscool
82%
#949 Toedscruel
82%
#929 Dolliv
80%
#982 Dudunsparce
80%
#999 Gimmighoul
80%
#1020 Gouging Fire
80%
#1019 Hydrapple
80%
#1023 Iron Crown
80%
#968 Orthworm
80%
#964 Palafin
80%
#989 Sandy Shocks
80%
#928 Smoliv
80%
#917 Tarountula
80%
#1009 Walking Wake
80%
#1018 Archaludon
78%
#962 Bombirdier
78%
#1011 Dipplin
78%
#945 Grafaiai
78%
#1022 Iron Boulder
78%
#943 Mabosstiff
78%
#932 Nacli
78%
#935 Charcadet
76%
#980 Clodsire
76%
#963 Finizen
76%
#973 Flamigo
76%
#934 Garganacl
76%
#971 Greavard
76%
#1010 Iron Leaves
76%
#942 Maschiff
76%
#931 Squawkabilly
76%
#939 Bellibolt
74%
#975 Cetitan
74%
#967 Cyclizar
74%
#927 Dachsbun
74%
#926 Fidough
74%
#972 Houndstone
74%
#983 Kingambit
74%
#925 Maushold
74%
#933 Naclstack
74%
#1017 Ogerpon
74%
#944 Shroodle
74%
#938 Tadbulb
74%
#946 Bramblin
72%
#974 Cetoddle
72%
#969 Glimmet
72%
#970 Glimmora
72%
#950 Klawf
72%
#1012 Poltchageist
72%
#924 Tandemaus
72%
#947 Brambleghast
70%
#951 Capsakid
70%
#1013 Sinistcha
70%
#953 Rellor
70%
#952 Scovillain
70%
#976 Veluza
70%
#954 Rabsca
66%
#959 Tinkaton
62%
#958 Tinkatuff
62%
#957 Tinkatink
60%
No matching quizzes found
Score Distribution
Percent of People with Each Score
Percentile by Number Answered
Your Score History
You have not taken this quiz since the last reset